000 00713nab a22002297a 4500
001 18233
003 HDC
007 cr bn ---aaaaa
008 210128c99999999my ||||o |||| 00| 00eng d
040 _aHDC
245 0 _aDafza Achieves 16% Net Profit Growth In 2016
336 _atext
_2rdacontent
337 _acomputer
_2rdamedia
338 _aonline resource
_2rdacarrier
650 _aBusiness
_9207
650 _aEconomic growth
_94226
710 _aArab-Asia Journal
856 _zRequest full-text at [email protected]
942 _2lcc
942 _cNEWS
942 _kNWSO 007548
999 _c15549
_d15549